000 01045nas a2200349 4500
001 BR2014004766
003 BR-BrBNA
005 20231205124327.0
007 ta
008 230509b bl.|||p| |||| 00| 00por d
040 _aBR-BrBNA
_bpor
_cBiblioteca Nacional de Agricultura
041 _a(Pt)
072 _aL70
100 1 _aBasso, P.C.
100 1 _aRaiser, A.G.
100 1 _aBrum, M.V.
100 1 _aMazzanti, C.M.
100 1 _aCosta, M.M.
100 1 _aWolkmer, P.
100 1 _aDutra, L.H.
100 1 _aMüller, D.C. de M.
100 1 _aSilva, C.B.
245 1 _aBiomarcadores inflamatórios e indicadores de estresse oxidativo em cadelas submetidas à ovariossalpingohisterectomia convencional, por NOTES híbrida e NOTES total
650 _aCÃO
650 _aOVÁRIO
650 _aÚTERO
650 _aCIRURGIA
650 _aMÉTODO
773 0 _tCiência Rural (Brazil)
_xISSN 0103-8478
_g(Mai 2014), v. 44(5) p. 884-890
_wBR2014004766
909 _a202311
_bLúcia
_c55
_dLúcia Elande
942 _2AGRIS
_n0
_cANA
999 _c238503
_d238503